From Howard to Nelson : (Record no. 552574)
[ view plain ]
| 000 -LEADER | |
|---|---|
| fixed length control field | 00868cam a22001451 4500 |
| 082 ## - DEWEY DECIMAL CLASSIFICATION NUMBER | |
| Classification number | 387.5092 |
| Author Mark | FRO |
| 100 1# - MAIN ENTRY--PERSONAL NAME | |
| Personal name | Laughton, John Knox, |
| 9 (RLIN) | 49821 |
| 245 10 - TITLE STATEMENT | |
| Title | From Howard to Nelson : |
| Remainder of title | twelve sailors, |
| Statement of responsibility, etc. | ed. by John Knox Laughton ... With portraits and maps. |
| 260 ## - PUBLICATION, DISTRIBUTION, ETC. | |
| Place of publication, distribution, etc. | London, |
| Name of publisher, distributor, etc. | Lawrence and Bullen, ltd., |
| Date of publication, distribution, etc. | 1899. |
| 300 ## - PHYSICAL DESCRIPTION | |
| Extent | viii p., 3 l, [3]-476 p. |
| Other physical details | front., ports., maps. |
| Dimensions | 23 cm. |
| 505 0# - FORMATTED CONTENTS NOTE | |
| Formatted contents note | Howard, by J. K. Laughton.--Drake, by Sir F. G. D. Bedford.--Blake, by Montagu Burrows.--Rooke, by C. C. P. Fitzgerald.--Anson, by A. H. Markham.--Hawke, by Sir E. R. Fremantle.--Boscawen, by Sir E. R. Fremantle.--Rodney, by Sir R. V. Hamilton.--Howe, by T. S. Jackson.--Hood, by Sir R. V. Hamilton.--St. Vincent, by P. H. Colomb.--Nelson, by P. H. Colomb. |
| 526 ## - STUDY PROGRAM INFORMATION NOTE | |
| Program name | 0 |
| Interest level | 0 |
| Reading level | 0 |
| Title point value | 387_509200000000000_FRO |
| 650 #0 - SUBJECT ADDED ENTRY--TOPICAL TERM | |
| Topical term or geographic name entry element | Admirals |
| Geographic subdivision | Great Britain |
| 9 (RLIN) | 49707 |
| 942 ## - ADDED ENTRY ELEMENTS (KOHA) | |
| Source of classification or shelving scheme | |
| Koha item type | Book |
| Withdrawn status | Lost status | Source of classification or shelving scheme | Damaged status | Not for loan | Permanent Location | Current Location | Shelving location | Date acquired | Total Checkouts | Full call number | Barcode | Date last seen | Price effective from | Koha item type |
|---|---|---|---|---|---|---|---|---|---|---|---|---|---|---|
| Military College of Engineering (MCE) | Military College of Engineering (MCE) | 01/19/2015 | 387.5092 FRO | MCE-ECT/30 | 01/19/2015 | 01/19/2015 | Book |
